Größte Städte der Welt nach Buchstabe - D - Statistiken

Allgemein
  • Dieses Quiz wurde 61 mal gespielt
  • Das Durchschnittsergebnis liegt bei 11 aus 16
Antwortstatistiken
Einwohner Land Stadt % Korrekt
5.95 Mio. VAE Dubai
92%
3.875 Mio. Syrien Damaskus
90%
3.925 Mio. Senegal Dakar
88%
7.65 Mio. USA Dallas
88%
3.85 Mio. USA Denver
88%
5.75 Mio. USA Detroit
86%
2.60 Mio. Katar Doha
86%
34.6 Mio. Indien Delhi
82%
22.5 Mio. Bangladesch Dhaka
80%
6.25 Mio. Tansania Daressalam
71%
3.85 Mio. Südafrika Durban
67%
3.925 Mio. Saudi-Arabien Dschidda
51%
3.775 Mio. Kamerun Douala
49%
5.30 Mio. China Dalian
45%
2.725 Mio. Südkorea Daegu
43%
2.825 Mio. Saudi-Arabien Dammam
29%
Keine übereinstimmenden Quizze gefunden
Verteilung der Resultate
Anzahl Personen mit jedem Resultat
Perzentil nach korrekt beantworteten Fragen
Ihre Resultats-Entwicklung
Sie haben dieses Quiz noch nicht gespielt